<?xml version="1.0" encoding="UTF-8"?>
<record
    xmlns:xsi="http://www.w3.org/2001/XMLSchema-instance"
    xsi:schemaLocation="http://www.loc.gov/MARC21/slim http://www.loc.gov/standards/marcxml/schema/MARC21slim.xsd"
    xmlns="http://www.loc.gov/MARC21/slim">

  <leader>01145nam a22002537a 4500</leader>
  <controlfield tag="005">20170124103154.0</controlfield>
  <datafield tag="010" ind1=" " ind2=" ">
    <subfield code="a">A-707719</subfield>
  </datafield>
  <datafield tag="020" ind1=" " ind2=" ">
    <subfield code="c">140.00</subfield>
    <subfield code="a">8171191916</subfield>
  </datafield>
  <datafield tag="035" ind1=" " ind2=" ">
    <subfield code="a">A-707719</subfield>
  </datafield>
  <datafield tag="037" ind1=" " ind2=" ">
    <subfield code="b">Cen Lib/Ret</subfield>
  </datafield>
  <datafield tag="040" ind1=" " ind2=" ">
    <subfield code="a">DPL</subfield>
    <subfield code="b">HN</subfield>
  </datafield>
  <datafield tag="082" ind1=" " ind2=" ">
    <subfield code="a">823.08</subfield>
    <subfield code="b">&#x938;&#x924;&#x94D;&#x92F;&#x915;</subfield>
  </datafield>
  <datafield tag="100" ind1=" " ind2=" ">
    <subfield code="a">&#x938;&#x924;&#x94D;&#x92F;&#x915;&#x93E;&#x92E; </subfield>
    <subfield code="9">89107</subfield>
  </datafield>
  <datafield tag="245" ind1=" " ind2=" ">
    <subfield code="a">&#x906;&#x932;&#x94B;&#x91A;&#x928;&#x93E;&#x924;&#x94D;&#x92E;&#x915; &#x92F;&#x925;&#x93E;&#x930;&#x94D;&#x925;&#x935;&#x93E;&#x926; &#x914;&#x930; &#x92A;&#x94D;&#x930;&#x947;&#x92E;&#x91A;&#x902;&#x926; /</subfield>
    <subfield code="c">&#x938;&#x924;&#x94D;&#x92F;&#x915;&#x93E;&#x92E; </subfield>
  </datafield>
  <datafield tag="246" ind1=" " ind2=" ">
    <subfield code="a">Alochnatmak yatharthvad aur premchand </subfield>
    <subfield code="b">by  Satyakaam </subfield>
  </datafield>
  <datafield tag="260" ind1=" " ind2=" ">
    <subfield code="a">&#x928;&#x908; &#x926;&#x93F;&#x932;&#x94D;&#x932;&#x940; </subfield>
    <subfield code="b">&#x930;&#x93E;&#x927;&#x93E;&#x915;&#x943;&#x937;&#x923; &#x92A;&#x94D;&#x930;&#x915;&#x93E;&#x936;&#x928; </subfield>
    <subfield code="c">1994</subfield>
  </datafield>
  <datafield tag="270" ind1=" " ind2=" ">
    <subfield code="a">2/38, &#x905;&#x902;&#x938;&#x93E;&#x930;&#x940; &#x92E;&#x93E;&#x930;&#x94D;&#x917; &#x926;&#x930;&#x93F;&#x92F;&#x93E; &#x917;&#x902;&#x91C; </subfield>
    <subfield code="b">&#x928;&#x908; &#x926;&#x93F;&#x932;&#x94D;&#x932;&#x940; </subfield>
    <subfield code="e">110002</subfield>
  </datafield>
  <datafield tag="300" ind1=" " ind2=" ">
    <subfield code="a">108&#x92A;&#x943;&#x937;&#x94D;&#x920;. </subfield>
    <subfield code="c">20&#x938;&#x947;&#x92E;&#x940;(&#x938;&#x91C;&#x93F;&#x932;&#x94D;&#x926;)</subfield>
  </datafield>
  <datafield tag="650" ind1=" " ind2=" ">
    <subfield code="a">&#x939;&#x93F;&#x902;&#x926;&#x940; &#x915;&#x925;&#x93E; &#x938;&#x93E;&#x939;&#x93F;&#x924;&#x94D;&#x92F; </subfield>
    <subfield code="9">258</subfield>
  </datafield>
  <datafield tag="650" ind1=" " ind2=" ">
    <subfield code="a">&#x92A;&#x94D;&#x930;&#x947;&#x92E;&#x91A;&#x902;&#x926; &#x915;&#x940; &#x92F;&#x925;&#x93E;&#x930;&#x94D;&#x925;&#x935;&#x93E;&#x926;&#x940; &#x905;&#x935;&#x927;&#x93E;&#x930;&#x923;&#x93E; </subfield>
    <subfield code="9">89108</subfield>
  </datafield>
  <datafield tag="650" ind1=" " ind2=" ">
    <subfield code="a">Hindi fiction</subfield>
    <subfield code="9">27248</subfield>
  </datafield>
  <datafield tag="650" ind1=" " ind2=" ">
    <subfield code="a">Premchand 's realistic concept</subfield>
    <subfield code="9">89109</subfield>
  </datafield>
  <datafield tag="942" ind1=" " ind2=" ">
    <subfield code="2">ddc</subfield>
    <subfield code="c">HN</subfield>
    <subfield code="h">823.08</subfield>
    <subfield code="m">&#x938;&#x924;&#x94D;&#x92F;&#x915; </subfield>
  </datafield>
  <datafield tag="999" ind1=" " ind2=" ">
    <subfield code="c">120201</subfield>
    <subfield code="d">120201</subfield>
  </datafield>
  <datafield tag="952" ind1=" " ind2=" ">
    <subfield code="0">0</subfield>
    <subfield code="1">0</subfield>
    <subfield code="4">0</subfield>
    <subfield code="7">0</subfield>
    <subfield code="a">L</subfield>
    <subfield code="b">L</subfield>
    <subfield code="d">2015-09-21</subfield>
    <subfield code="e">Cen Lib/Ret</subfield>
    <subfield code="g">140.00</subfield>
    <subfield code="l">3</subfield>
    <subfield code="m">3</subfield>
    <subfield code="o">823.08 &#x938;&#x924;&#x94D;&#x92F;&#x915;</subfield>
    <subfield code="p">A-707719</subfield>
    <subfield code="r">2023-09-02 00:00:00</subfield>
    <subfield code="s">2023-08-01</subfield>
    <subfield code="t">1</subfield>
    <subfield code="v">140.00</subfield>
    <subfield code="w">2015-09-21</subfield>
    <subfield code="y">HN</subfield>
  </datafield>
</record>
